Bandeiras Aleatórias dos Estados de Índia - Statistics

Estatísticas Gerais
  • Esse quiz foi jogado 6 vezes
  • A pontuação média é 3 de 5
Estatísticas das Respostas
Imagem Resposta % Correto
Biar
100%
Himachal Pradexe
100%
Nagalândia
100%
Rajastão
100%
Tâmil Nadu
100%
Utar Pradexe
100%
Megalaia
67%
Andamão e Nicobar
0%
Andra Pradexe
0%
Arunachal Pradexe
0%
Assão
0%
Bengala Ocidental
0%
Carnataca
0%
Chandigar
0%
Chatisgar
0%
Dadrá e Nagar Aveli e Damão e Diu
0%
Deli
0%
Goa
0%
Guzerate
0%
Harianá
0%
Jamu e Caxemira
0%
Jarcanda
0%
Ladaque
0%
Laquedivas
0%
Maarastra
0%
Madia Pradexe
0%
Manipur
0%
Mizorão
0%
Orissa
0%
Pondicheri
0%
Punjabe
0%
Querala
0%
Siquim
0%
Telanganá
0%
Tripurá
0%
Utaracanda
0%
Nenhum quiz correspondente encontrado
Distribuição das Pontuações
Porcentagem de Pessoas com Cada Pontuação
Percentil de Números Respondidos
Sua Pontuação Histórica
Você não jogou esse quiz